Normal view
MARC view
Entry Geographic Name
001 - CONTROL NUMBER
- control field: 25952
003 - CONTROL NUMBER IDENTIFIER
- control field: ARRUPE
005 - DATE AND TIME OF LATEST TRANSACTION
- control field: 20160920113410.0
008 - FIXED-LENGTH DATA ELEMENTS
- fixed length control field: 160920|| aca||aabn | a|a d
040 ## - CATALOGING SOURCE
- Original cataloging agency: ARRUPE
- Transcribing agency: ARRUPE
151 ## - HEADING--GEOGRAPHIC NAME
- Geographic name: Zimbabwe
- General subdivision: History
- Chronological subdivision: Chimurenga War, 1966-1980
- General subdivision: Regimental histories.
670 ## - SOURCE DATA FOUND
- Source citation: Work cat.: (ARRUPE)0: Stiff, Peter 25948, Selous Scouts :, 1982.